000 00903nam a2200301Ia 4500
003 OSt
005 20220912144934.0
006 a|||||r|||| 00| 0
007 ta
008 220909b |||||||| |||| 00| 0 eng d
020 _a9788173199080 (pbk)
024 _a82347
037 _b212, 28/11/2008, N R Book Distributors
037 _cTextual
040 _aCSL
_beng
_cCSL
041 _aeng
082 _aB28,92R, P8-;1
100 _aPurohit Sudha G
245 0 _aStatistics using R
260 _aNew Delhi
_bNarosa Publishing House
_c2008
300 _aV.P
_ccm.
500 _aReferences R.1-R.2p.; Index I.1-I.5p.
650 _aStatistics
700 _a Deshmukh Shailaja R
700 _a Gore Sharad D
942 _hB28,92R, P8-;1
_cTEXL
_2CC
999 _c19473
_d19473